00285nam a2200097Ia 4500008004100000050002200041100003500063245003700098260003400135300001800169120626s9999 mx 000 0 spa d aPQ7297bP4956 C65 aPaz, Octaviod1914-1998eautor aCorriente alternac/ Octavio Paz aMéxicob: Siglo XXIc, 1972 a223 páginas